Every country on the map (Asia) - Statistics

General Stats
  • This quiz has been taken 40 times
  • The average score is 64 of 82
Answers on the Map
Answers color-coded by a green-red scale on the quiz's map according to % correct below.
 
Answer Stats
Answer Notes % Correct
China
100%
Afghanistan
94%
Kazakhstan **Transcontinental**
91%
Philippines
91%
Russia **Transcontinental**
91%
Bangladesh
88%
India
88%
Iran
88%
Iraq
88%
Israel
88%
Japan
88%
Laos
88%
Lebanon
88%
Mongolia
88%
North Korea
88%
Pakistan
88%
Saudi Arabia
88%
South Korea
88%
Taiwan ** Disputed**
88%
Thailand
88%
Uzbekistan
88%
Vietnam
88%
Azerbaijan **Transcontinental**
85%
Cambodia
85%
Georgia **Transcontinental**
85%
Indonesia
85%
Jordan
85%
Kuwait
85%
Kyrgyzstan
85%
Malaysia
85%
Nepal
85%
Oman
85%
Singapore
85%
Syria
85%
Tajikistan
85%
Turkiye **Transcontinental**
85%
Yemen **Technically Transcontinental**
85%
Armenia **Transcontinental**
82%
Bhutan
82%
Cyprus **Not technically in Asia but on the map**
82%
Maldives
82%
Qatar
82%
Sri Lanka
82%
Turkmenistan
82%
United Arab Emirates
82%
Bahrain
79%
Brunei
79%
Myanmar
79%
Egypt **Not in Asia but on the map**
76%
Timor-Leste **Might be transcontinental**
76%
Democratic Republic of the Congo **Not in Asia but on the map**
73%
Ethiopia **Not in Asia but on the map**
73%
Kenya
73%
Papua New Guinea **Not technically in Asia but on the map**
73%
South Sudan **Not in Asia but on the map**
73%
Sudan **Not in Asia but on the map**
73%
Australia **Not in Asia but on the map**
70%
Burundi **Not in Asia but on the map**
70%
Eritrea **Not in Asia but on the map**
70%
Rwanda **Not in Asia but on the map**
70%
Tanzania **Not in Asia but on the map**
70%
Ukraine **Not in Asia but on the map**
70%
Belarus **Not in Asia but on the map**
67%
Greece **Not in Asia but on the map**
67%
Romania **Not in Asia but on the map**
67%
Somalia **Not in Asia but on the map**
67%
Uganda **Not in Asia but on the map**
67%
Central African Republic **Not in Asia but on the map**
64%
Djibouti **Not in Asia but on the map**
64%
Latvia **Not in Asia but on the map**
64%
Lithuania **Not in Asia but on the map**
64%
Malawi **Not in Asia but on the map**
64%
Bulgaria **Not in Asia but on the map**
61%
Micronesia **Not in Asia but on the map**
61%
Moldova **Not in Asia but on the map**
61%
Mozambique **Not in Asia but on the map**
61%
Zambia **Not in Asia but on the map**
61%
Madagascar **Not in Asia but on the map**
58%
Palau **Not in Asia but on the map**
58%
Seychelles **Not in Asia but on the map**
58%
Comoros **Not in Asia but on the map**
55%
Palestine ****Very disputed****
52%
No matching quizzes found
Score Distribution
Percent of People with Each Score
Percentile by Number Answered
Your Score History
You have not taken this quiz